000 00803nam a2200229 a 4500
001 000031654
005 20200930063100.0
008 110629s1947 dr 000 0 spa d
040 _aDO-SdBNP
_bspa
_cBNPHU
082 _a342.729303
_bR426c,1947
110 2 _aRepública Dominicana
_9447
240 1 0 _aConstitución
245 1 0 _aConstitución de la República Dominicana.
250 _aEdición oficial
260 _aCiudad Trujillo, República Dominicana :
_bEditora del Caribe,
_c1947.
300 _a41 p. ;
_c21 cm.
590 _aInventariado, 2019/VM
651 4 _aRepública Dominicana
_xConstitución
_91008
651 4 _aRepública Dominicana
_xReformas Constitucionales
_935781
651 4 _aRepública Dominicana
_zDerecho Constitucional
_9449
910 _aValidado. Control de calidad. MFF
999 _c31146
_d31146